00500nam a2200193 a 4500001001300000003000900013005001700022008004100039020000900080082001500089100001900104245004900123260003800172300001000210500003500220505000900255650002300264700001900287nice12345678IN_TiNIC20260116011610.0050524s1966 edia grp 000 0 eng  ac6300a297.1bDAN aDaniel, Norman aIslam and the Westb the Making of an Image. aEdinburghbUniversity Pressc1966 a448p. aincludes index and biblioraphy2 aIll. aIslam-Meccan Trade1 aDaniel, Norman